[Event "DEM U16 2019"]
[Site "Willingen GER"]
[Date "2019.06.09"]
[Round "2"]
[White "Knüdel, Torben"]
[Black "Köllner, Ruben Gideon"]
[Result "1/2-1/2"]
[Termination "normal"]
[Board "2"]
[WhiteElo "2044"]
[BlackElo "2290"]
[WhiteClock "00:05:00"]
[BlackClock "00:02:22"]
[PlyCount "167"]
[WhiteFideId "16208820"]
[BlackFideId "12993093"]
[EventCountry "GER"]
[EventRounds "9"]
[EventType "swiss"]
[EventDate "2019.06.08"]

1. e4 {[%clk 1:30:58]} 1... d6 {[%clk 1:30:55]} 2. d4 {[%clk 1:31:18]} 2... Nf6
{[%clk 1:31:24]} 3. Nc3 {[%clk 1:31:44]} 3... e5 {[%clk 1:31:49]} 4. Nge2 {
[%clk 1:32:11]} 4... Nc6 {[%clk 1:27:43]} 5. h3 {[%clk 1:29:13]} 5... g6 {
[%clk 1:17:51]} 6. Be3 {[%clk 1:27:24]} 6... Bg7 {[%clk 1:16:38]} 7. Qd2 {
[%clk 1:25:04]} 7... O-O {[%clk 1:15:55]} 8. g4 {[%clk 1:22:42]} 8... a6 {
[%clk 1:08:41]} 9. Bg2 {[%clk 1:19:22]} 9... b5 {[%clk 0:58:33]} 10. a3 { [%clk
1:18:08]} 10... exd4 {[%clk 0:53:44]} 11. Nxd4 {[%clk 1:17:24]} 11... Ne5
{[%clk 0:53:54]} 12. b3 {[%clk 1:12:31]} 12... Bb7 {[%clk 0:49:35]} 13. O-O {
[%clk 1:08:07]} 13... Re8 {[%clk 0:46:59]} 14. Bg5 {[%clk 1:05:33]} 14... Qc8 {
[%clk 0:35:18]} 15. Rae1 {[%clk 0:58:35]} 15... Ned7 {[%clk 0:32:42]} 16. b4 {
[%clk 0:56:02]} 16... Nb6 {[%clk 0:30:26]} 17. f4 {[%clk 0:50:04]} 17... Nc4 {
[%clk 0:29:42]} 18. Qd3 {[%clk 0:46:18]} 18... Nd7 {[%clk 0:27:45]} 19. Nd5 {
[%clk 0:43:06]} 19... c5 {[%clk 0:22:38]} 20. Nf3 {[%clk 0:41:19]} 20... Bxd5 {
[%clk 0:20:48]} 21. exd5 {[%clk 0:41:32]} 21... cxb4 {[%clk 0:18:11]} 22. axb4
{[%clk 0:41:56]} 22... Nb2 {[%clk 0:16:43]} 23. Rxe8+ {[%clk 0:40:10]} 23...
Qxe8 {[%clk 0:17:11]} 24. Qd2 {[%clk 0:40:14]} 24... Qc8 {[%clk 0:16:27]} 25.
Nd4 {[%clk 0:38:03]} 25... Qc4 {[%clk 0:12:43]} 26. Nc6 {[%clk 0:35:34]} 26...
Bc3 {[%clk 0:08:51]} 27. Qc1 {[%clk 0:35:47]} 27... Re8 {[%clk 0:06:35]} 28. f5
{[%clk 0:34:27]} 28... Re2 {[%clk 0:04:42]} 29. fxg6 {[%clk 0:32:18]} 29...
hxg6 {[%clk 0:04:18]} 30. Qf4 {[%clk 0:19:50]} 30... Qxf4 {[%clk 0:04:31]} 31.
Bxf4 {[%clk 0:20:19]} 31... Nc4 {[%clk 0:04:30]} 32. Rf2 {[%clk 0:19:47]} 32...
Re1+ {[%clk 0:04:55]} 33. Rf1 {[%clk 0:19:40]} 33... Re2 {[%clk 0:04:55]} 34.
Rf2 {[%clk 0:20:05]} 34... Re1+ {[%clk 0:02:51]} 35. Rf1 {[%clk 0:20:31]} 35...
Re8 {[%clk 0:03:07]} 36. Rf3 {[%clk 0:19:41]} 36... Bg7 {[%clk 0:02:57]} 37.
Bf1 {[%clk 0:18:43]} 37... Ndb6 {[%clk 0:03:17]} 38. Bxc4 {[%clk 0:16:53]}
38... Nxc4 {[%clk 0:03:45]} 39. Kf2 {[%clk 0:16:27]} 39... Bf8 {[%clk 0:03:34]}
40. Rd3 {[%clk 0:11:08]} 40... Re4 {[%clk 0:03:18]} 41. Bg3 {[%clk 0:09:15]}
41... Nb6 {[%clk 0:00:48]} 42. c3 {[%clk 0:02:03]} 42... Rc4 {[%clk 0:29:50]}
43. Na5 {[%clk 0:29:17]} 43... Rc7 {[%clk 0:17:56]} 44. Kf3 {[%clk 0:27:27]}
44... f6 {[%clk 0:13:47]} 45. Bf2 {[%clk 0:26:05]} 45... Nc4 {[%clk 0:13:46]}
46. Nxc4 {[%clk 0:25:29]} 46... Rxc4 {[%clk 0:14:10]} 47. Bd4 {[%clk 0:24:31]}
47... Bg7 {[%clk 0:08:10]} 48. Rd1 {[%clk 0:17:09]} 48... f5 {[%clk 0:06:17]}
49. gxf5 {[%clk 0:09:09]} 49... Bxd4 {[%clk 0:06:30]} 50. cxd4 {[%clk 0:08:07]}
50... gxf5 {[%clk 0:05:21]} 51. Kf4 {[%clk 0:08:25]} 51... Rxb4 {[%clk 0:04:33]
} 52. Kxf5 {[%clk 0:08:49]} 52... Kf7 {[%clk 0:03:58]} 53. Rc1 {[%clk 0:09:12]}
53... Rc4 {[%clk 0:04:11]} 54. Ra1 {[%clk 0:08:39]} 54... Rxd4 {[%clk 0:04:29]}
55. Rxa6 {[%clk 0:09:07]} 55... Rxd5+ {[%clk 0:04:53]} 56. Ke4 {[%clk 0:09:29]}
56... Ke6 {[%clk 0:04:53]} 57. Ra3 {[%clk 0:08:50]} 57... Rh5 {[%clk 0:05:11]}
58. Rg3 {[%clk 0:09:06]} 58... Rh4+ {[%clk 0:05:00]} 59. Kd3 {[%clk 0:09:16]}
59... Kd5 {[%clk 0:05:07]} 60. Kc3 {[%clk 0:08:09]} 60... Kc5 {[%clk 0:05:32]}
61. Rg5+ {[%clk 0:07:04]} 61... d5 {[%clk 0:05:55]} 62. Rg3 {[%clk 0:07:32]}
62... Rh8 {[%clk 0:06:10]} 63. Kb3 {[%clk 0:06:30]} 63... b4 {[%clk 0:05:57]}
64. Rf3 {[%clk 0:06:28]} 64... Ra8 {[%clk 0:04:56]} 65. Kb2 {[%clk 0:06:48]}
65... Kc4 {[%clk 0:04:10]} 66. h4 {[%clk 0:07:04]} 66... Rh8 {[%clk 0:03:41]}
67. Rh3 {[%clk 0:07:24]} 67... Rh5 {[%clk 0:04:08]} 68. Kc1 {[%clk 0:06:47]}
68... d4 {[%clk 0:04:27]} 69. Kc2 {[%clk 0:07:12]} 69... Rf5 {[%clk 0:03:18]}
70. h5 {[%clk 0:06:48]} 70... Rf2+ {[%clk 0:03:41]} 71. Kc1 {[%clk 0:06:37]}
71... d3 {[%clk 0:02:24]} 72. h6 {[%clk 0:06:45]} 72... Kc3 {[%clk 0:02:49]}
73. Rh1 {[%clk 0:06:45]} 73... Rf8 {[%clk 0:01:58]} 74. h7 {[%clk 0:07:05]}
74... Rh8 {[%clk 0:02:24]} 75. Rh3 {[%clk 0:04:07]} 75... b3 {[%clk 0:02:49]}
76. Kb1 {[%clk 0:02:43]} 76... b2 {[%clk 0:02:10]} 77. Rh2 {[%clk 0:02:36]}
77... d2 {[%clk 0:02:00]} 78. Rh3+ {[%clk 0:03:02]} 78... Kd4 {[%clk 0:02:26]}
79. Rh4+ {[%clk 0:03:13]} 79... Ke3 {[%clk 0:02:26]} 80. Rh3+ {[%clk 0:03:36]}
80... Ke4 {[%clk 0:01:58]} 81. Rh4+ {[%clk 0:04:01]} 81... Kf3 {[%clk 0:02:08]}
82. Rh3+ {[%clk 0:04:18]} 82... Kg4 {[%clk 0:01:56]} 83. Rd3 {[%clk 0:04:34]}
83... Rxh7 {[%clk 0:02:22]} 84. Rxd2 {[%clk 0:05:00]} 1/2-1/2

[Event "DEM U16 2019"]
[Site "Willingen GER"]
[Date "2019.06.09"]
[Round "2"]
[White "Boder, Jan"]
[Black "Woelk, Tom-Frederic"]
[Result "0-1"]
[Termination "normal"]
[Board "3"]
[WhiteElo "2123"]
[BlackElo "2239"]
[WhiteClock "00:24:41"]
[BlackClock "00:17:27"]
[PlyCount "162"]
[WhiteFideId "16243226"]
[BlackFideId "12993077"]
[EventCountry "GER"]
[EventRounds "9"]
[EventType "swiss"]
[EventDate "2019.06.08"]

1. b3 {[%clk 1:30:57]} 1... e5 {[%clk 1:30:34]} 2. Bb2 {[%clk 1:31:22]} 2...
Nc6 {[%clk 1:31:01]} 3. e3 {[%clk 1:31:49]} 3... Nf6 {[%clk 1:31:27]} 4. Bb5 {
[%clk 1:32:15]} 4... e4 {[%clk 1:31:53]} 5. Ne2 {[%clk 1:32:13]} 5... a6 {
[%clk 1:32:19]} 6. Bxc6 {[%clk 1:32:39]} 6... dxc6 {[%clk 1:32:45]} 7. Ng3 {
[%clk 1:31:08]} 7... h5 {[%clk 1:29:01]} 8. Nc3 {[%clk 1:31:16]} 8... Bg4 {
[%clk 1:29:05]} 9. f3 {[%clk 1:31:09]} 9... exf3 {[%clk 1:23:44]} 10. gxf3 {
[%clk 1:31:30]} 10... h4 {[%clk 1:22:38]} 11. Nge4 {[%clk 1:31:23]} 11... Nxe4
{[%clk 1:17:42]} 12. Nxe4 {[%clk 1:31:35]} 12... Be6 {[%clk 1:18:00]} 13. Rg1 {
[%clk 1:26:59]} 13... f6 {[%clk 1:10:58]} 14. Qe2 {[%clk 1:23:40]} 14... a5 {
[%clk 1:10:34]} 15. Rg6 {[%clk 1:09:03]} 15... Kf7 {[%clk 1:04:06]} 16. Qg2 {
[%clk 0:52:12]} 16... Bf5 {[%clk 0:46:23]} 17. Bxf6 {[%clk 0:50:57]} 17... gxf6
{[%clk 0:46:24]} 18. Rxf6+ {[%clk 0:51:17]} 18... Qxf6 {[%clk 0:46:46]} 19.
Nxf6 {[%clk 0:51:43]} 19... Kxf6 {[%clk 0:47:08]} 20. e4 {[%clk 0:51:37]} 20...
Be6 {[%clk 0:46:56]} 21. Qf2 {[%clk 0:47:55]} 21... Bg7 {[%clk 0:37:48]} 22. d4
{[%clk 0:46:20]} 22... a4 {[%clk 0:36:52]} 23. Rd1 {[%clk 0:44:15]} 23... axb3
{[%clk 0:34:37]} 24. cxb3 {[%clk 0:41:39]} 24... Kf7 {[%clk 0:28:51]} 25. f4 {
[%clk 0:39:16]} 25... Bg4 {[%clk 0:24:01]} 26. Rd2 {[%clk 0:37:48]} 26... Bf8 {
[%clk 0:23:33]} 27. Rd3 {[%clk 0:35:03]} 27... Re8 {[%clk 0:19:40]} 28. Re3 {
[%clk 0:33:39]} 28... h3 {[%clk 0:18:13]} 29. Kf1 {[%clk 0:27:10]} 29... Be7 {
[%clk 0:18:14]} 30. Qc2 {[%clk 0:26:05]} 30... Rd8 {[%clk 0:13:45]} 31. Qc4+ {
[%clk 0:23:58]} 31... Be6 {[%clk 0:13:51]} 32. Qd3 {[%clk 0:20:46]} 32... Rh4 {
[%clk 0:10:21]} 33. f5 {[%clk 0:19:54]} 33... Bc8 {[%clk 0:10:28]} 34. Rxh3 {
[%clk 0:19:04]} 34... Rxd4 {[%clk 0:10:00]} 35. Qxd4 {[%clk 0:18:34]} 35...
Rxh3 {[%clk 0:10:28]} 36. Kg2 {[%clk 0:17:44]} 36... Rh4 {[%clk 0:06:24]} 37.
Kg3 {[%clk 0:15:34]} 37... Bxf5 {[%clk 0:05:25]} 38. Qc4+ {[%clk 0:15:46]}
38... Be6 {[%clk 0:05:40]} 39. Qf1+ {[%clk 0:15:23]} 39... Kg7 {[%clk 0:04:59]}
40. Qe2 {[%clk 0:14:30]} 40... Rg4+ {[%clk 0:04:16]} 41. Kf3 {[%clk 0:14:14]}
41... Bf6 {[%clk 0:02:26]} 42. Qd2 {[%clk 0:10:51]} 42... Rh4 {[%clk 0:00:45]}
43. e5 {[%clk 0:06:05]} 43... Be7 {[%clk 0:00:35]} 44. Qa5 {[%clk 0:05:45]}
44... Rxh2 {[%clk 0:28:01]} 45. Qxc7 {[%clk 0:35:23]} 45... Kf7 {[%clk 0:28:21]
} 46. Qxb7 {[%clk 0:34:27]} 46... Bd5+ {[%clk 0:28:40]} 47. Ke3 {[%clk 0:34:19]
} 47... Rxa2 {[%clk 0:29:02]} 48. Qd7 {[%clk 0:34:13]} 48... Ra3 { [%clk
0:29:11]} 49. Qf5+ {[%clk 0:31:43]} 49... Ke8 {[%clk 0:29:13]} 50. Qc8+ { [%clk
0:31:59]} 50... Bd8 {[%clk 0:27:29]} 51. e6 {[%clk 0:32:01]} 51... Ra7 { [%clk
0:27:49]} 52. Kd4 {[%clk 0:30:07]} 52... Rc7 {[%clk 0:27:53]} 53. Qa8 { [%clk
0:28:52]} 53... Bxe6 {[%clk 0:28:12]} 54. b4 {[%clk 0:29:07]} 54... Kd7 { [%clk
0:28:08]} 55. Ke5 {[%clk 0:28:57]} 55... Be7 {[%clk 0:28:01]} 56. Qa3 { [%clk
0:27:17]} 56... Bd6+ {[%clk 0:28:21]} 57. Kf6 {[%clk 0:27:33]} 57... Be7+
{[%clk 0:25:51]} 58. Ke5 {[%clk 0:27:53]} 58... Rb7 {[%clk 0:26:08]} 59. Qd3+ {
[%clk 0:27:59]} 59... Bd5 {[%clk 0:26:34]} 60. Qf5+ {[%clk 0:26:22]} 60... Kc7
{[%clk 0:26:34]} 61. Qh7 {[%clk 0:26:44]} 61... Kb6 {[%clk 0:26:08]} 62. Qb1 {
[%clk 0:26:11]} 62... Kb5 {[%clk 0:26:07]} 63. Qd3+ {[%clk 0:22:56]} 63... Bc4
{[%clk 0:26:23]} 64. Qa3 {[%clk 0:23:04]} 64... Bxb4 {[%clk 0:26:43]} 65. Qa8 {
[%clk 0:23:24]} 65... Rb6 {[%clk 0:26:26]} 66. Kd4 {[%clk 0:23:36]} 66... c5+ {
[%clk 0:26:44]} 67. Ke3 {[%clk 0:23:56]} 67... Re6+ {[%clk 0:26:57]} 68. Kf2 {
[%clk 0:24:04]} 68... Bb3 {[%clk 0:27:02]} 69. Qb7+ {[%clk 0:24:12]} 69... Kc4
{[%clk 0:27:08]} 70. Qf7 {[%clk 0:24:09]} 70... Kc3 {[%clk 0:27:25]} 71. Qg7+ {
[%clk 0:24:31]} 71... Kc2 {[%clk 0:27:44]} 72. Qh7+ {[%clk 0:24:48]} 72... Kb2
{[%clk 0:27:47]} 73. Qg7+ {[%clk 0:24:56]} 73... Bc3 {[%clk 0:28:06]} 74. Qd7 {
[%clk 0:25:06]} 74... Bd4+ {[%clk 0:28:17]} 75. Kf1 {[%clk 0:25:03]} 75... Re3
{[%clk 0:27:16]} 76. Qd8 {[%clk 0:25:00]} 76... Rc3 {[%clk 0:27:00]} 77. Ke2 {
[%clk 0:25:19]} 77... Bc4+ {[%clk 0:27:21]} 78. Ke1 {[%clk 0:24:35]} 78... Rc1+
{[%clk 0:27:45]} 79. Kd2 {[%clk 0:25:00]} 79... Rc2+ {[%clk 0:28:03]} 80. Kd1 {
[%clk 0:25:16]} 80... Rg2 {[%clk 0:17:17]} 81. Qb8+ {[%clk 0:24:41]} 81... Kc3
{[%clk 0:17:27]} 0-1

[Event "DEM U16 2019"]
[Site "Willingen GER"]
[Date "2019.06.09"]
[Round "2"]
[White "Kölle, Tobias"]
[Black "Gutkin, Ilya"]
[Result "1/2-1/2"]
[Termination "normal"]
[Board "4"]
[WhiteElo "2225"]
[BlackElo "2041"]
[WhiteClock "00:09:13"]
[BlackClock "00:01:58"]
[PlyCount "89"]
[WhiteFideId "16207378"]
[BlackFideId "16203470"]
[EventCountry "GER"]
[EventRounds "9"]
[EventType "swiss"]
[EventDate "2019.06.08"]

1. d4 {[%clk 1:30:57]} 1... e6 {[%clk 1:30:41]} 2. c4 {[%clk 1:31:20]} 2...
Bb4+ {[%clk 1:31:06]} 3. Bd2 {[%clk 1:31:43]} 3... Bxd2+ {[%clk 1:31:30]} 4.
Qxd2 {[%clk 1:32:07]} 4... Nf6 {[%clk 1:31:55]} 5. Nc3 {[%clk 1:32:19]} 5... d5
{[%clk 1:32:13]} 6. e3 {[%clk 1:32:36]} 6... O-O {[%clk 1:32:34]} 7. Nf3 {
[%clk 1:32:54]} 7... Qe7 {[%clk 1:32:42]} 8. Bd3 {[%clk 1:33:08]} 8... Rd8 {
[%clk 1:32:56]} 9. cxd5 {[%clk 1:33:29]} 9... exd5 {[%clk 1:33:21]} 10. O-O {
[%clk 1:33:34]} 10... Nc6 {[%clk 1:26:33]} 11. Bb5 {[%clk 1:24:53]} 11... Rd6 {
[%clk 1:23:56]} 12. Rac1 {[%clk 1:18:07]} 12... Ne4 {[%clk 1:10:17]} 13. Qd1 {
[%clk 1:01:56]} 13... Bg4 {[%clk 1:03:12]} 14. Be2 {[%clk 0:59:52]} 14... Rad8
{[%clk 0:53:52]} 15. Ne5 {[%clk 0:55:14]} 15... Bxe2 {[%clk 0:49:48]} 16. Nxc6
{[%clk 0:55:01]} 16... Rxc6 {[%clk 0:48:56]} 17. Qxe2 {[%clk 0:55:16]} 17...
Rh6 {[%clk 0:43:28]} 18. Nxe4 {[%clk 0:53:14]} 18... dxe4 {[%clk 0:43:01]} 19.
Qg4 {[%clk 0:52:25]} 19... c6 {[%clk 0:36:31]} 20. Rc5 {[%clk 0:50:44]} 20...
Re6 {[%clk 0:27:54]} 21. Rfc1 {[%clk 0:49:52]} 21... g6 {[%clk 0:24:09]} 22. h3
{[%clk 0:49:05]} 22... Qd7 {[%clk 0:22:59]} 23. a3 {[%clk 0:48:01]} 23... Rde8
{[%clk 0:17:50]} 24. b4 {[%clk 0:46:29]} 24... Rd6 {[%clk 0:16:53]} 25. Qxd7 {
[%clk 0:45:41]} 25... Rxd7 {[%clk 0:17:17]} 26. a4 {[%clk 0:46:07]} 26... Re6 {
[%clk 0:11:36]} 27. Kf1 {[%clk 0:44:54]} 27... a6 {[%clk 0:06:22]} 28. Ke2 {
[%clk 0:44:29]} 28... Rd5 {[%clk 0:04:37]} 29. R1c2 {[%clk 0:35:43]} 29... Red6
{[%clk 0:04:17]} 30. f3 {[%clk 0:33:50]} 30... f5 {[%clk 0:00:51]} 31. fxe4 {
[%clk 0:33:39]} 31... fxe4 {[%clk 0:01:16]} 32. Rc1 {[%clk 0:34:04]} 32... Kf7
{[%clk 0:00:46]} 33. b5 {[%clk 0:29:07]} 33... axb5 {[%clk 0:00:47]} 34. axb5 {
[%clk 0:29:22]} 34... Rxc5 {[%clk 0:00:45]} 35. Rxc5 {[%clk 0:19:46]} 35... Rd5
{[%clk 0:01:10]} 36. Kd2 {[%clk 0:20:10]} 36... Ke6 {[%clk 0:00:34]} 37. Kc3 {
[%clk 0:20:11]} 37... Rxc5+ {[%clk 0:00:32]} 38. dxc5 {[%clk 0:20:25]} 38...
Kd5 {[%clk 0:00:52]} 39. Kb4 {[%clk 0:20:50]} 39... g5 {[%clk 0:00:36]} 40. g3
{[%clk 0:16:07]} 40... h5 {[%clk 0:00:39]} 41. g4 {[%clk 0:08:23]} 41... h4 {
[%clk 0:00:54]} 42. b6 {[%clk 0:08:46]} 42... Ke6 {[%clk 0:01:10]} 43. Kb3 {
[%clk 0:08:23]} 43... Kd5 {[%clk 0:01:32]} 44. Kb4 {[%clk 0:08:49]} 44... Ke6 {
[%clk 0:01:58]} 45. Kc4 {[%clk 0:09:13]} 1/2-1/2

[Event "DEM U16 2019"]
[Site "Willingen GER"]
[Date "2019.06.09"]
[Round "2"]
[White "Dobrikov, Marco"]
[Black "Liebold, Aaron"]
[Result "1-0"]
[Termination "normal"]
[Board "5"]
[WhiteElo "2281"]
[BlackElo "1870"]
[WhiteClock "00:25:00"]
[BlackClock "00:30:03"]
[PlyCount "87"]
[WhiteFideId "12950378"]
[BlackFideId "12997846"]
[EventCountry "GER"]
[EventRounds "9"]
[EventType "swiss"]
[EventDate "2019.06.08"]

1. e4 {[%clk 1:30:58]} 1... c5 {[%clk 1:30:52]} 2. Nf3 {[%clk 1:31:24]} 2... d6
{[%clk 1:31:12]} 3. d4 {[%clk 1:31:51]} 3... cxd4 {[%clk 1:31:30]} 4. Nxd4 {
[%clk 1:32:17]} 4... Nf6 {[%clk 1:31:46]} 5. Nc3 {[%clk 1:32:43]} 5... a6 {
[%clk 1:31:57]} 6. h3 {[%clk 1:33:08]} 6... e5 {[%clk 1:31:56]} 7. Nde2 { [%clk
1:33:34]} 7... h5 {[%clk 1:32:22]} 8. Bg5 {[%clk 1:34:00]} 8... Be6 { [%clk
1:32:25]} 9. Bxf6 {[%clk 1:34:25]} 9... Qxf6 {[%clk 1:32:32]} 10. Nd5 { [%clk
1:34:37]} 10... Qd8 {[%clk 1:32:57]} 11. Qd3 {[%clk 1:34:27]} 11... g6 { [%clk
1:29:52]} 12. O-O-O {[%clk 1:31:49]} 12... Nd7 {[%clk 1:29:22]} 13. Kb1 { [%clk
1:23:03]} 13... Nc5 {[%clk 1:27:05]} 14. Qa3 {[%clk 1:21:52]} 14... Bg7 { [%clk
1:25:44]} 15. Nec3 {[%clk 1:21:48]} 15... O-O {[%clk 1:25:10]} 16. Be2 { [%clk
1:19:56]} 16... b5 {[%clk 1:23:34]} 17. h4 {[%clk 1:12:17]} 17... Qb8 { [%clk
1:19:55]} 18. b4 {[%clk 1:03:35]} 18... Nd7 {[%clk 1:16:08]} 19. g4 { [%clk
1:03:02]} 19... Nb6 {[%clk 1:11:46]} 20. gxh5 {[%clk 1:01:29]} 20... gxh5
{[%clk 1:10:39]} 21. Rhg1 {[%clk 1:01:09]} 21... Nc4 {[%clk 1:06:52]} 22. Qc1 {
[%clk 0:51:42]} 22... Qd8 {[%clk 0:56:54]} 23. Bxh5 {[%clk 0:50:17]} 23... Kh7
{[%clk 0:55:08]} 24. Rg3 {[%clk 0:46:53]} 24... Bh6 {[%clk 0:53:31]} 25. f4 {
[%clk 0:33:31]} 25... exf4 {[%clk 0:47:14]} 26. Rg5 {[%clk 0:30:55]} 26... Ne3
{[%clk 0:33:33]} 27. Rdg1 {[%clk 0:26:59]} 27... Bxd5 {[%clk 0:28:04]} 28. Nxd5
{[%clk 0:26:39]} 28... Nxd5 {[%clk 0:27:18]} 29. Rxd5 {[%clk 0:24:01]} 29...
Qf6 {[%clk 0:25:44]} 30. Bg4 {[%clk 0:22:24]} 30... Rg8 {[%clk 0:21:07]} 31.
Qd2 {[%clk 0:20:17]} 31... Rad8 {[%clk 0:18:18]} 32. Rf5 {[%clk 0:17:41]} 32...
Qxh4 {[%clk 0:10:57]} 33. Rxf7+ {[%clk 0:15:59]} 33... Rg7 {[%clk 0:10:17]} 34.
Qd5 {[%clk 0:14:06]} 34... Rdg8 {[%clk 0:09:30]} 35. Bf5+ {[%clk 0:14:32]}
35... Kh8 {[%clk 0:09:54]} 36. Rfxg7 {[%clk 0:14:55]} 36... Bxg7 { [%clk
0:09:41]} 37. e5 {[%clk 0:04:23]} 37... f3 {[%clk 0:08:53]} 38. a3 { [%clk
0:02:04]} 38... Qh2 {[%clk 0:06:04]} 39. Qd1 {[%clk 0:01:59]} 39... Bh6 { [%clk
0:05:12]} 40. Rxg8+ {[%clk 0:00:49]} 40... Kxg8 {[%clk 0:05:36]} 41. Qd5+
{[%clk 0:25:48]} 41... Kh8 {[%clk 0:34:28]} 42. Qa8+ {[%clk 0:24:35]} 42... Kg7
{[%clk 0:34:48]} 43. Qb7+ {[%clk 0:25:00]} 43... Kf8 {[%clk 0:30:03]} 44. Qc8+
1-0

[Event "DEM U16 2019"]
[Site "Willingen GER"]
[Date "2019.06.09"]
[Round "2"]
[White "Trifan, Andrei Ioan"]
[Black "Yi, Danny"]
[Result "0-1"]
[Termination "normal"]
[Board "6"]
[WhiteElo "2268"]
[BlackElo "2231"]
[WhiteClock "00:02:53"]
[BlackClock "00:02:55"]
[PlyCount "84"]
[WhiteFideId "12967068"]
[BlackFideId "12988588"]
[EventCountry "GER"]
[EventRounds "9"]
[EventType "swiss"]
[EventDate "2019.06.08"]

1. e4 {[%clk 1:30:39]} 1... e5 {[%clk 1:30:51]} 2. Nf3 {[%clk 1:31:03]} 2...
Nf6 {[%clk 1:31:04]} 3. Nc3 {[%clk 1:25:09]} 3... Nc6 {[%clk 1:28:35]} 4. Bb5 {
[%clk 1:24:53]} 4... Bb4 {[%clk 1:26:27]} 5. O-O {[%clk 1:20:25]} 5... O-O {
[%clk 1:23:18]} 6. d3 {[%clk 1:15:53]} 6... Bxc3 {[%clk 1:21:35]} 7. bxc3 {
[%clk 1:16:20]} 7... d6 {[%clk 1:21:01]} 8. Bg5 {[%clk 1:16:02]} 8... h6 {
[%clk 1:17:54]} 9. Bh4 {[%clk 1:12:29]} 9... Bd7 {[%clk 1:14:39]} 10. a4 {
[%clk 1:03:12]} 10... Qe7 {[%clk 1:05:24]} 11. a5 {[%clk 1:01:04]} 11... a6 {
[%clk 1:02:28]} 12. Bc4 {[%clk 0:54:27]} 12... Be6 {[%clk 0:54:46]} 13. Bd5 {
[%clk 0:45:06]} 13... Rfd8 {[%clk 0:46:38]} 14. d4 {[%clk 0:40:42]} 14... g5 {
[%clk 0:38:35]} 15. Bxc6 {[%clk 0:35:42]} 15... bxc6 {[%clk 0:38:19]} 16. Nxg5
{[%clk 0:33:37]} 16... hxg5 {[%clk 0:35:15]} 17. Bxg5 {[%clk 0:34:05]} 17...
Bc4 {[%clk 0:32:44]} 18. Qf3 {[%clk 0:25:36]} 18... Kg7 {[%clk 0:31:18]} 19.
Qg3 {[%clk 0:25:09]} 19... Rh8 {[%clk 0:24:18]} 20. f4 {[%clk 0:18:30]} 20...
Nxe4 {[%clk 0:13:50]} 21. Bf6+ {[%clk 0:12:36]} 21... Kxf6 {[%clk 0:14:16]} 22.
fxe5+ {[%clk 0:11:06]} 22... Ke6 {[%clk 0:14:40]} 23. Qg4+ {[%clk 0:11:19]}
23... Kd5 {[%clk 0:14:53]} 24. e6 {[%clk 0:11:02]} 24... c5 {[%clk 0:07:15]}
25. Rf5+ {[%clk 0:07:49]} 25... Kc6 {[%clk 0:07:39]} 26. Qxe4+ {[%clk 0:06:29]}
26... d5 {[%clk 0:07:35]} 27. Qe3 {[%clk 0:05:40]} 27... fxe6 {[%clk 0:06:58]}
28. Re5 {[%clk 0:05:37]} 28... Rae8 {[%clk 0:06:35]} 29. Re1 {[%clk 0:05:17]}
29... Rhf8 {[%clk 0:06:15]} 30. Rxe6+ {[%clk 0:03:12]} 30... Qxe6 { [%clk
0:06:38]} 31. Qxe6+ {[%clk 0:03:41]} 31... Rxe6 {[%clk 0:07:01]} 32. Rxe6+
{[%clk 0:04:03]} 32... Kb5 {[%clk 0:03:41]} 33. h4 {[%clk 0:04:00]} 33... cxd4
{[%clk 0:03:48]} 34. cxd4 {[%clk 0:04:21]} 34... Rh8 {[%clk 0:04:11]} 35. g3
{[%clk 0:04:09]} 35... Kxa5 {[%clk 0:04:12]} 36. Re7 {[%clk 0:03:53]} 36... Kb6
{[%clk 0:04:25]} 37. Re6+ {[%clk 0:03:56]} 37... c6 {[%clk 0:04:19]} 38. Kg2
{[%clk 0:04:01]} 38... a5 {[%clk 0:04:29]} 39. Re3 {[%clk 0:04:21]} 39... a4
{[%clk 0:04:29]} 40. Ra3 {[%clk 0:04:31]} 40... Kb5 {[%clk 0:04:32]} 41. c3
{[%clk 0:03:54]} 41... Be2 {[%clk 0:03:47]} 42. Kf2 {[%clk 0:02:53]} 42... Bg4
{[%clk 0:02:55]} 0-1

[Event "DEM U16 2019"]
[Site "Willingen GER"]
[Date "2019.06.09"]
[Round "2"]
[White "Fromm, Marius"]
[Black "Nguyen, Alex Dac-Vuong"]
[Result "1/2-1/2"]
[Termination "normal"]
[Board "7"]
[WhiteElo "2038"]
[BlackElo "2287"]
[WhiteClock "00:05:47"]
[BlackClock "00:12:49"]
[PlyCount "73"]
[WhiteFideId "12993190"]
[BlackFideId "12984388"]
[EventCountry "GER"]
[EventRounds "9"]
[EventType "swiss"]
[EventDate "2019.06.08"]

1. Nf3 {[%clk 1:30:57]} 1... Nf6 {[%clk 1:30:50]} 2. c4 {[%clk 1:31:21]} 2...
g6 {[%clk 1:31:13]} 3. Nc3 {[%clk 1:31:31]} 3... Bg7 {[%clk 1:31:34]} 4. g3 {
[%clk 1:31:15]} 4... O-O {[%clk 1:31:55]} 5. Bg2 {[%clk 1:31:42]} 5... d6 {
[%clk 1:32:02]} 6. d4 {[%clk 1:32:04]} 6... Nc6 {[%clk 1:32:17]} 7. O-O { [%clk
1:32:28]} 7... a6 {[%clk 1:32:40]} 8. Bf4 {[%clk 1:31:50]} 8... h6 { [%clk
1:20:07]} 9. Qd2 {[%clk 1:10:53]} 9... g5 {[%clk 1:17:39]} 10. Be3 { [%clk
1:09:10]} 10... Ng4 {[%clk 1:17:28]} 11. Rad1 {[%clk 0:59:05]} 11... Rb8 {[%clk
1:12:47]} 12. d5 {[%clk 0:54:23]} 12... Nxe3 {[%clk 1:11:32]} 13. Qxe3 { [%clk
0:54:48]} 13... Na5 {[%clk 1:10:42]} 14. b3 {[%clk 0:51:46]} 14... Bd7 { [%clk
1:01:27]} 15. c5 {[%clk 0:39:06]} 15... dxc5 {[%clk 0:56:22]} 16. Qxc5 { [%clk
0:39:24]} 16... b6 {[%clk 0:53:43]} 17. Qe3 {[%clk 0:39:21]} 17... Nb7 { [%clk
0:50:44]} 18. h4 {[%clk 0:37:38]} 18... gxh4 {[%clk 0:46:26]} 19. Nxh4 { [%clk
0:37:16]} 19... Nd6 {[%clk 0:45:44]} 20. Ne4 {[%clk 0:34:33]} 20... a5 { [%clk
0:38:55]} 21. Qf4 {[%clk 0:25:08]} 21... Rc8 {[%clk 0:32:32]} 22. Nd2 { [%clk
0:22:35]} 22... Qe8 {[%clk 0:30:13]} 23. Ndf3 {[%clk 0:20:07]} 23... e5 { [%clk
0:28:47]} 24. dxe6 {[%clk 0:20:28]} 24... Qxe6 {[%clk 0:23:37]} 25. Nd4 { [%clk
0:17:16]} 25... Qf6 {[%clk 0:22:31]} 26. Qxf6 {[%clk 0:13:23]} 26... Bxf6
{[%clk 0:22:53]} 27. Bc6 {[%clk 0:12:53]} 27... Bxc6 {[%clk 0:21:43]} 28. Nxc6
{[%clk 0:13:17]} 28... Rce8 {[%clk 0:20:20]} 29. e3 {[%clk 0:12:43]} 29... Bxh4
{[%clk 0:19:32]} 30. gxh4 {[%clk 0:13:09]} 30... Re4 {[%clk 0:19:52]} 31. Rd4 {
[%clk 0:13:13]} 31... Rfe8 {[%clk 0:19:11]} 32. Rfd1 {[%clk 0:13:01]} 32... Kg7
{[%clk 0:15:24]} 33. Kg2 {[%clk 0:11:26]} 33... Kg6 {[%clk 0:14:57]} 34. Kf3 {
[%clk 0:09:48]} 34... Rxd4 {[%clk 0:15:12]} 35. Rxd4 {[%clk 0:09:11]} 35... f5
{[%clk 0:12:57]} 36. Kf4 {[%clk 0:06:14]} 36... Kf6 {[%clk 0:12:49]} 37. f3 {
[%clk 0:05:47]} 1/2-1/2